Politics and change in East Germany: an evaluation of socialist democracy

Furkejuvvon:
Bibliográfalaš dieđut
Váldodahkki: Scharf, C. Bradley
Searvvušdahkki: Westview Press
Materiálatiipa: Texto
Almmustuhtton: Boulder, CO: Westview
Fáddágilkorat: Lasit fáddágilkoriid
Eai fáddágilkorat, Lasit vuosttaš fáddágilkora!

MARC

LEADER 00000 a a2200000 04500
001 23832
003
040
020 |a 0-865531-451-9  
090 |a 168800  
100 |a Scharf, C. Bradley  
110 |a Westview Press  
245 |a Politics and change in East Germany: an evaluation of socialist democracy  
260 |a Boulder, CO:   |b Westview  
300 |a 219 p  
999 |c 17617  |d 17617